[Event "It (cat.10)"]
[Site "masterchessopen.com - Athens (Greece)"]
[Date "2004.11.19"]
[Round "3"]
[White "Kapnisis Spyridon (GRE)"]
[Black "Foisor Ovidiu Doru (ROM)"]
[Result "1/2-1/2"]
[WhiteElo "2435"]
[BlackElo "2376"]

1.d4 Nf6 2.c4 e6 3.Nf3 c5 4.d5 d6 5.Nc3 exd5 6.cxd5 g6 7.e4 a6 8.a4 Bg4 9.Be2
Bg7 10.O-O O-O 11.Nd2 Bxe2 12.Qxe2 Nbd7 13.Nc4 Nb6 14.Ne3 Qe7 15.a5 Nbd7
16.Nc4 Ne5 17.Na3 Rae8 18.f3 Qc7 19.Nc4 Nxc4 20.Qxc4 Nd7 21.Bf4 f5 {#d}
1/2-1/2

[Event "It (open)"]
[Site "masterchessopen.com - Mount Buller (Australia)"]
[Date "2004.12.29"]
[Round "2"]
[White "Frost Peter (AUS)"]
[Black "Mortensen Henrik (DEN)"]
[Result "1/2-1/2"]
[WhiteElo "1919"]
[BlackElo "2030"]

1.d4 Nf6 2.c4 c5 3.d5 d6 4.Nc3 g6 5.e4 Bg7 6.Nf3 O-O 7.Be2 e6 8.O-O exd5
9.cxd5 a6 10.a4 Bg4 11.Nd2 Bxe2 12.Qxe2 Nbd7 13.Nc4 Nb6 14.Ne3 Re8 15.a5 Nbd7
16.Nc4 Ne5 17.Ne3 Qc7 18.f4 Ned7 19.Qf3 c4 20.Ra4 b5 21.axb6 Nxb6 22.Ra3 Qc5
23.Kh1 Nbd7 24.Ra4 Nb6 25.Ra3 Nbd7 26.Ra4 Nb6 27.Ra3 Nbd7 {#d} 1/2-1/2

[Event "Ch Slovakia (team) 2004/05 (1 liga) West"]
[Site "masterchessopen.com - Slovakia"]
[Round "10"]
[White "Gulbis Adrian (SVK)"]
[Black "Janos Ivan (SVK)"]
[Result "1/2-1/2"]
[WhiteElo "2020"]
[BlackElo "2142"]

1.d4 Nf6 2.c4 c5 3.d5 e6 4.Nc3 exd5 5.cxd5 d6 6.e4 g6 7.Nf3 Bg7 8.Be2 O-O
9.O-O a6 10.a4 Bg4 11.h3 Bxf3 12.Bxf3 Nbd7 13.Bf4 Qc7 14.Qc2 Rfe8 15.Rfe1 Rab8
16.Be2 Re7 17.Bf1 Rbe8 18.Rad1 h6 19.Bh2 g5 20.f4 gxf4 21.Bxf4 Nh5 22.Bh2 c4
23.Qe2 Qc5+ 24.Kh1 Bxc3 25.bxc3 Rxe4 26.Qxe4 Rxe4 27.Rxe4 b5 28.axb5 axb5
29.Rh4 Ndf6 30.Rhd4 Qa3 31.g4 Ng7 32.Bf4 Qxc3 33.Bxd6 Ne4 34.Bb4 Nf2+ 35.Kg2
Qxb4 36.Kxf2 Qc5 37.Kg2 Ne8 38.d6 Qc6+ 39.Kh2 Qd7 40.Rd5 c3 41.Bxb5 Qa7 42.d7
Qf2+ {#d} 1/2-1/2

[Event "It (open) \"]
[Site "masterchessopen.com - Tiefenbach (Germany)"]
[Date "2005.01.14"]
[Round "2"]
[White "Reinke Kurt (GER)"]
[Black "Van Baarle C John (NED)"]
[Result "0-1"]
[WhiteElo "2042"]
[BlackElo "2273"]

1.d4 Nf6 2.Nf3 e6 3.c4 c5 4.d5 exd5 5.cxd5 d6 6.Nc3 g6 7.e4 Bg7 8.Be2 O-O
9.O-O a6 10.a4 Bg4 11.Nd2 Bxe2 12.Nxe2 Re8 13.f3 Nbd7 14.a5 Qc7 15.Nc4 Ne5
16.Qc2 Nxc4 17.Qxc4 Nd7 18.Qc2 Rac8 19.Bd2 Ne5 20.f4 Nd7 21.Bc3 Nf6 22.Ng3 Qe7
23.Rae1 Ng4 24.Bxg7 Qh4 25.h3 Qxg3 26.hxg4 Kxg7 27.Qc3+ Qxc3 28.bxc3 c4 29.e5
Rc5 30.exd6 Rd8 31.Re7 Rxd6 32.f5 g5 33.Rxb7 Rcxd5 34.Re1 Rxa5 35.Ree7 Rf6
36.Rec7 h5 37.gxh5 Raxf5 38.Rxc4 Kh6 39.Rb8 Rf1+ 40.Kh2 Kxh5 41.Rh8+ Kg6
42.Rg8+ Kh6 43.Rcc8 Re6 44.Rh8+ Kg6 45.Rcg8+ Kf5 46.Rh3 Kf4 47.Rd8 f5 48.Rd4+
Re4 49.Rhd3 Rf2 50.Kg1 Rc2 51.Rd5 Re1+ 52.Kh2 g4 53.R5d4+ Re4 54.Rd1 Rxc3
55.Rd6 Ra3 56.R6d5 Kg5 57.Rd8 Re6 {#R} 0-1

[Event "It (open)"]
[Site "masterchessopen.com - Nova Gorica (Slovenia)"]
[Date "2005.02.03"]
[Round "9"]
[White "Markus Robert (SRB)"]
[Black "Pavlovic Milos (SRB)"]
[Result "1-0"]
[WhiteElo "2579"]
[BlackElo "2507"]

{ } 1.d4 { 1 } 1...Nf6 2.c4 g6 3.Nc3 Bg7 4.e4 d6 5.Nf3 O-O 6.Be2 c5 7.d5 e6
8.O-O exd5 9.cxd5 a6 10.a4 Bg4 11.Bf4 Bxf3 12.Bxf3 Qe7 13.Re1 Nbd7 { = }
14.Qd2 ( 14.a5 Rab8 15.Be2 h5 16.Qd2 Rfe8 17.h3 b5 18.axb6 Rxb6 19.Bxa6 Reb8
20.Ra2 Rb4 21.Bg5 Qe8 22.Bd3 c4 23.Bf1 Nc5 24.Qc2 Nfd7 25.Be3 Qc8 26.f4 Nd3
27.Bxd3 cxd3 28.Qxd3 Nc5 29.Qc2 Nxe4 30.Ba7 Nxc3 31.bxc3 Qxc3 32.Qxc3 Bxc3
33.Bxb8 Bxe1 { ...1/2-1/2, Chatalbashev Boris 2554 - Izoria Zviad 2600 ,
Antalya 25. 5.2004 Ch Europe } ) 14...h5 ( 14...Rab8 15.Be2 Ne8 16.Bg5 Qe5
17.a5 Nc7 18.Ra4 Bf6 19.Bh6 Bg7 20.Bg5 Bf6 21.Be3 b5 22.axb6 Rxb6 23.f4 Qe7
24.Bg4 Bg7 25.e5 Re8 26.Ne4 Nb5 27.b4 dxe5 28.bxc5 exf4 29.Bxf4 Nxc5 30.Nf6+
Bxf6 31.Rxe7 Rxe7 32.Rc4 h5 33.Be3 Nb3 34.Rc8+ { ...0-1, Kozul Zdenko 2640 -
Horvath Csaba 2565 , Groningen 1984 Ch Europe (juniors) } ) ( 14...Rfe8 15.h3
Ne5 16.Be2 Qc7 17.Bh2 c4 18.Kh1 Rab8 19.f4 Ned7 20.Bf3 b5 21.axb5 axb5 22.Ra6
Nc5 23.Rc6 Qa5 24.e5 Nd3 25.Re2 b4 26.Nd1 dxe5 27.fxe5 Nd7 28.e6 N7e5 29.Rxc4
fxe6 30.dxe6 Nxc4 31.Qxd3 Rbd8 32.Qxc4 Rxd1+ 33.Bg1 Qa7 34.e7+ { ...0-1,
Ehlvest Jaan 2610 - De Firmian Nick E 2570 , New York 1997 It (open) } ) 15.h3
{ } ( 15.Rab1 Nh7 16.Bh6 Ne5 17.Be2 Qh4 18.Bxg7 Kxg7 19.g3 Qd8 20.f4 Nd7
21.Bf1 h4 22.Bh3 hxg3 23.hxg3 Rh8 24.Kg2 Qc7 25.b4 g5 26.Bxd7 Qxd7 27.bxc5
dxc5 28.Rb6 gxf4 29.Qxf4 Nf8 30.Qf5 Qc7 31.Rf1 Ng6 32.Rxg6+ fxg6 33.Qf6+ {
1-0, Brenninkmeijer Joris 2508 - Lindemann Stefan 2367 , Germany 30. 3.2003
Bundesliga (2nd) North 2002/03 } ) 15...Nh7 { N } ( 15...c4 16.Be2 Rac8 17.a5
( 17.Bf1 Rfe8 18.Bh2 Nh7 19.Rad1 Nhf8 20.a5 Qf6 21.Na4 Nc5 22.Nb6 Rcd8 23.Nxc4
Rxe4 24.Rxe4 Nxe4 25.Qf4 Qxf4 26.Bxf4 g5 27.Bh2 h4 28.Bd3 f5 29.Bxe4 fxe4
30.Nxd6 Bxb2 31.Nxb7 Rc8 32.Kf1 Nd7 33.Re1 Nf6 34.d6 Rc4 35.Rd1 { ...0-1, Gual
Pascual Antonio 2421 - Cramling Pia 2480 , Barcelona 1989 It "Barcelona Vulca"
} ) 17...Rfe8 18.Bf1 Nh7 19.Ra4 f5 20.Rxc4 Rxc4 21.Bxc4 g5 22.Bh2 f4 23.Qd1 h4
24.Kh1 Qd8 25.e5 Nxe5 26.Ba2 Qxa5 27.Qh5 Re7 28.Bb1 Nf6 29.Qd1 Qd8 30.Bf5 Rc7
31.Ne2 Rc5 32.b4 Rc4 33.Nd4 Qb6 34.Be6+ Kf8 35.Nf3 { ...0-1, Van Der Sterren
Paul 2520 - Psakhis Lev 2575 , Tallinn 1987 } ) 16.a5 Bd4 { N } ( 16...Rfe8
17.Be2 Rac8 18.Bf1 Qf6 19.Rac1 g5 20.Be3 g4 { 1/2-1/2, Tukmakov Vladimir B
2600 - Spraggett Kevin 2555 , Barcelona 1993 It } ) ( 16...Qf6 17.Be3 Qh4
18.Be2 g5 19.Ra4 Be5 20.Bf1 g4 21.g3 Qd8 22.hxg4 hxg4 23.Be2 Ndf6 24.Bg5 Kh8
25.Kg2 Rg8 26.Rh1 Rg6 27.Bxg4 Bxc3 28.bxc3 Nxe4 29.Bxd8 Nxd2 30.Bf5 c4 31.Bxg6
fxg6 32.Be7 Kg8 33.Bxd6 Nf6 34.Be5 Kf7 35.Bxf6 Kxf6 36.Rd1 { ...1-0, Baburin
Alexander 2527 - Van Der Werf Mark 2395 , Biel 1992 It (open) } ) 17.Na4 Rab8
18.Be3 Bxe3 19.Rxe3 Ng5 20.Bxh5 Nf6 { ? } ( 20...gxh5 { !? } 21.Rg3 f6 22.h4
Qxe4 { } ) 21.Be2 Nfxe4 22.Qc2 f5 23.f4 { ?! } ( 23.h4 { !? } 23...Nf7 24.f3
Qxh4 25.fxe4 { } ) 23...Nh7 24.Nc3 Nhf6 25.Bf3 Qf7 26.Bxe4 fxe4 27.Nxe4 Nxd5
28.Rf3 Nb4 29.Qf2 Qd5 30.Ng5 { ?! } ( 30.Re1 { !? } 30...Qd4 31.Qxd4 cxd4
32.Nxd6 { } ) 30...Rbe8 31.Kh2 Nc6 { ? } ( { ? } 31...Re7 32.Re1 Rfe8 33.Rxe7
Rxe7 { } ) 32.Qh4 Re7 33.Re1 Rfe8 { ?! } ( 33...Rg7 { !? } 34.Rfe3 Qf5 35.Re8
Nd4 { } ) 34.Rfe3 { } {#r} 1-0

[Event "Cup Belgrade 2005 (team)"]
[Site "masterchessopen.com - Belgrade (Yugoslavia)"]
[Date "2005.04.06"]
[Round "2"]
[White "Matic Petar (SRB)"]
[Black "Velickovic Sasa (SRB)"]
[Result "0-1"]
[WhiteElo "2240"]
[BlackElo "2404"]

1.d4 c5 2.d5 Nf6 3.Nf3 d6 4.c4 g6 5.Nc3 Bg7 6.e4 O-O 7.Be2 e6 8.O-O exd5
9.cxd5 a6 10.a4 Bg4 11.h3 Bxf3 12.Bxf3 Nbd7 13.Re1 Qe7 14.Be3 Rab8 15.Bf4 Rfe8
16.Qc2 h5 17.Be2 Nh7 18.Kh1 Bd4 19.f3 h4 20.Rad1 Ndf6 21.Bh2 Be5 22.Qd2 g5
23.f4 gxf4 24.Bf3 Nf8 25.Bxf4 Bxf4 26.Qxf4 Ng6 27.Qh6 Qe5 28.Rf1 b5 29.axb5
axb5 30.Be2 b4 31.Rf5 Qe7 32.Rdf1 bxc3 33.Rxf6 cxb2 34.Bd3 {#R} 0-1

[Event "Ch Poland (team) (juniors) (1 liga)"]
[Site "masterchessopen.com - Koszalin (Poland)"]
[Date "2005.07.10"]
[Round "7"]
[White "Bronowicki Mateusz (POL)"]
[Black "Majdan Joanna (POL)"]
[Result "1-0"]
[WhiteElo "2241"]
[BlackElo "2232"]

1.d4 Nf6 2.Nf3 g6 3.c4 Bg7 4.Nc3 O-O 5.e4 d6 6.Be2 c5 7.d5 e6 8.O-O exd5
9.cxd5 a6 10.a4 Bg4 11.Nd2 Bxe2 12.Qxe2 Nbd7 13.Nc4 Qe7 14.Bf4 Ne8 15.Rfe1 Ne5
16.Bg3 Nc7 17.Nb6 Rae8 18.f4 Nd7 19.Nc4 Bxc3 20.bxc3 b5 21.axb5 axb5 22.Ra7
Nxd5 23.Qd3 Ne5 24.Qxd5 Qxa7 25.Nxd6 Nd7 26.Nxe8 Rxe8 27.f5 Re7 28.Qd6 Re8
29.Rd1 Nf8 30.Qc6 Qe7 31.Qxb5 h5 32.Bf2 Rc8 33.Qc4 Kh7 34.Qd5 Kg7 35.Bg3 Re8
36.Rc1 Nd7 37.Bd6 Qf6 38.fxg6 Kxg6 39.e5 Qh4 40.Rf1 Re6 41.Qf3 Nf6 42.Qf5+ Kh6
43.Bf8# 1-0

[Event "Memorial Sakharov (open)"]
[Site "masterchessopen.com - Kiev (Ukraine)"]
[Date "2005.07.12"]
[Round "8"]
[White "Gunko Roman (UKR)"]
[Black "Kovalenko Vladimir (RUS)"]
[Result "1-0"]
[WhiteElo "2295"]
[BlackElo "2198"]

1.d4 Nf6 2.c4 c5 3.d5 e6 4.Nc3 exd5 5.cxd5 d6 6.e4 g6 7.Nf3 Bg7 8.Be2 O-O
9.O-O a6 10.a4 Bg4 11.Bf4 Re8 12.Nd2 Bxe2 13.Qxe2 Nh5 14.Be3 Nd7 15.a5 Qe7
16.g4 Nhf6 17.f3 Ne5 18.Ra4 Rad8 19.b4 Ned7 20.bxc5 Nxg4 21.cxd6 Qxd6 22.Nc4
Qb8 23.fxg4 Bxc3 24.Qf3 Rf8 25.Bf4 Qa7+ 26.Kg2 Qd4 27.Bd6 Rfe8 28.Qxf7+ Kh8
29.Nb6 Qd2+ 30.Rf2 Qg5 31.Qf3 Bg7 32.Nxd7 Rxd7 33.Bf4 Qd8 34.Bg3 Rf8 35.Qe3
Rxf2+ 36.Qxf2 Qe8 37.Rc4 Rf7 38.Qc2 Qb5 39.d6 h6 40.Qe2 Qxa5 41.Rc7 Rf8
42.Rxb7 h5 43.gxh5 gxh5 44.h4 Bf6 45.Rb3 Rg8 46.Kh2 Qc5 47.e5 {#r} 1-0

[Event "Cup Mercosur (cat.7)"]
[Site "masterchessopen.com - Vicente Lopez (Argentina)"]
[Date "2005.07.16"]
[Round "3"]
[White "Valerga Diego (ARG)"]
[Black "Scarella Enrique (ARG)"]
[Result "1/2-1/2"]
[WhiteElo "2477"]
[BlackElo "2356"]

1.e4 c5 2.Nf3 g6 3.d4 Bg7 4.d5 d6 5.c4 Nf6 6.Nc3 O-O 7.Be2 e6 8.O-O exd5
9.cxd5 a6 10.a4 Bg4 11.Bf4 Bxf3 12.Bxf3 Re8 13.Re1 Bf8 14.Qc2 Nbd7 15.a5 Rb8
16.Be2 Qe7 17.Bd2 Bg7 18.Bf1 Nh5 19.Be2 Nhf6 20.Ra4 h6 21.Qc1 Kh7 22.Qb1 b5
23.axb6 Rxb6 24.Rxa6 Rb4 25.e5 Qxe5 26.Bb5 Qd4 27.Bxd7 Qxd2 28.Rxe8 Rxb2
29.Qe1 Nxe8 30.Qxd2 Rxd2 31.Bxe8 Bxc3 32.g3 Rxd5 33.Bxf7 Rd2 34.Ra2 Kg7
35.Rxd2 Bxd2 36.Ba2 Kf6 37.Kf1 g5 38.Ke2 Bc1 39.Kd1 Bb2 40.Kc2 Bd4 41.Kd3 Ke5
42.f4+ gxf4 43.gxf4+ Kxf4 44.Bd5 Bg1 45.h3 Kg3 46.Be6 d5 47.Bxd5 Kxh3 48.Bf7
Kg4 49.Ke2 h5 50.Kf1 Bd4 51.Kg2 h4 52.Kh1 Kg3 53.Bg8 h3 54.Bf7 {#d} 1/2-1/2

[Event "It (open)"]
[Site "masterchessopen.com - Gotha (Germany)"]
[Date "2005.11.16"]
[Round "5"]
[White "Nabavi Parwis (SUI)"]
[Black "Brem Stephan (GER)"]
[Result "1-0"]
[WhiteElo "2128"]
[BlackElo "2140"]

1.d4 Nf6 2.c4 c5 3.d5 e6 4.Nc3 exd5 5.cxd5 d6 6.Nf3 g6 7.e4 Bg7 8.Be2 O-O
9.O-O a6 10.a4 Bg4 11.Bf4 Re8 12.h3 Bxf3 13.Bxf3 Qc7 14.Qd2 Nbd7 15.Ra3 Rab8
16.Rfa1 c4 17.b4 cxb3 18.Rxb3 Nc5 19.Rb4 Nfxe4 20.Bxe4 Nxe4 21.Nxe4 Bxa1
22.Nxd6 Be5 23.Nxe8 Rxe8 24.Re4 f6 25.Bxe5 fxe5 26.f4 Kg7 27.fxe5 Rxe5 28.Qd4
Kf6 29.d6 Qc5 30.d7 {#r} 1-0

[Event "Czech League 2005/06 (krajsky prebor)"]
[Site "masterchessopen.com - Czech Republic"]
[Date "2005.12.11"]
[Round "0"]
[White "Kudlacek Jaroslav (CZE)"]
[Black "Pesa Ladislav (CZE)"]
[Result "1/2-1/2"]
[WhiteElo "2016"]
[BlackElo "1973"]

1.d4 Nf6 2.c4 c5 3.d5 e6 4.Nc3 exd5 5.cxd5 d6 6.e4 g6 7.Nf3 Bg7 8.Be2 O-O
9.O-O a6 10.a4 Bg4 11.Nd2 Bxe2 12.Qxe2 Nbd7 13.a5 Qc7 14.Nc4 b5 15.axb6 Nxb6
16.Na5 Rfe8 17.Qc2 Nfd7 18.Bf4 Ne5 19.f3 Nbd7 20.Rfb1 Reb8 21.Bg3 c4 22.Nd1
Rb5 23.f4 Rxa5 24.fxe5 Nxe5 25.Ne3 Rxa1 26.Rxa1 Qc5 27.Bf2 Nd3 28.Qxc4 Qxc4
29.Nxc4 Nxb2 30.Nxb2 Bxb2 31.Ra4 a5 32.Bg3 Be5 33.Be1 Kg7 34.h3 Kf6 35.Kf2 Ra6
36.Rxa5 Rxa5 37.Bxa5 Bd4+ 38.Kf3 Ke5 39.Bd2 Kf6 40.Bb4 Ke5 41.Bd2 {#d} 1/2-1/2

[Event "Memorial Pereyra Puebla"]
[Site "masterchessopen.com - Mendoza (Argentina)"]
[Date "2005.12.17"]
[Round "3"]
[White "Cordova Emilio (PER)"]
[Black "Gatti J"]
[Result "1-0"]
[WhiteElo "2434"]
[BlackElo "2046"]

1.d4 Nf6 2.c4 e6 3.Nc3 c5 4.d5 exd5 5.cxd5 d6 6.e4 g6 7.Nf3 Bg7 8.Be2 O-O
9.O-O a6 10.a4 Bg4 11.Nd2 Bxe2 12.Qxe2 Nbd7 13.Nc4 Nb6 14.Nxb6 Qxb6 15.Be3
Rfe8 16.f3 Nd7 17.a5 Qd8 18.Ra4 f5 19.Qd3 Qe7 20.Bf2 f4 21.Ne2 Qg5 22.Kh1 Qh6
23.Qd2 g5 24.Rc1 Ne5 25.b4 c4 26.Nd4 Rac8 27.Nf5 Qf6 28.Bd4 Rc7 29.Ra2 Qf8
30.Qc3 Bf6 31.Rg1 Rf7 32.g3 Kh8 33.gxf4 gxf4 34.Rag2 Ng6 35.Bxf6+ Rxf6 36.Rxg6
{#r} 1-0

[Event "It (open)"]
[Site "masterchessopen.com - Aschach (Austria)"]
[Date "2005.12.30"]
[Round "6"]
[White "Gyorkos Lajos (HUN)"]
[Black "Butunoi Alexandru (ROM)"]
[Result "1/2-1/2"]
[WhiteElo "2424"]
[BlackElo "2418"]

1.d4 Nf6 2.c4 c5 3.d5 e6 4.Nc3 exd5 5.cxd5 d6 6.Nf3 g6 7.e4 Bg7 8.Be2 O-O
9.O-O a6 10.a4 Bg4 11.Bf4 Nh5 12.Bg5 Bf6 13.Bh6 Re8 14.h3 Bxf3 15.Bxf3 Ng7
16.Re1 Nd7 17.Qc2 Rc8 18.a5 Bd4 19.Bg4 Rc7 20.Be3 Ne5 21.Ra4 h5 22.Bd1 Bxe3
23.Rxe3 g5 24.Ne2 Qf6 25.Qd2 h4 26.Rb3 Nh5 27.Rc3 Ree7 28.b4 cxb4 29.Rxb4 Nf4
30.Nxf4 gxf4 31.Rxc7 Rxc7 32.Rb3 Rc4 33.Rb4 Rxb4 34.Qxb4 Nd3 35.Qxb7 Qc3
36.Bh5 Qa1+ 37.Kh2 Nxf2 38.Qxf7+ Kh8 39.Qe8+ Kg7 40.Qg6+ Kh8 41.Qh6+ Kg8
42.Qg5+ Kh8 43.Qh6+ {#d} 1/2-1/2

[Event "Tournament"]
[Site "masterchessopen.com - Internet"]
[Date "2006.01.28"]
[Round "1"]
[White "Lubczynski Rafal (POL)"]
[Black "Evdokimov Alexander A (RUS)"]
[Result "1-0"]
[WhiteElo "2343"]
[BlackElo "2525"]

1.d4 Nf6 2.c4 c5 3.d5 g6 4.Nc3 Bg7 5.Nf3 O-O 6.e4 d6 7.Be2 e6 8.O-O exd5
9.cxd5 a6 10.a4 Bg4 11.Nd2 Bxe2 12.Qxe2 Nbd7 13.Nc4 Nb6 14.Ne3 Qe7 15.a5 Nbd7
16.Nc4 Ne5 17.Nb6 Rae8 18.Re1 Nh5 19.Bd2 Qh4 20.h3 Nf4 21.Bxf4 Qxf4 22.Qe3 Bh6
23.Qxf4 Bxf4 24.Ne2 Bh6 25.Rad1 Rd8 26.f4 Nd7 27.Nc4 Nf6 28.Nxd6 Rxd6 29.e5
Rxd5 30.exf6 Rfd8 31.Rxd5 Rxd5 32.Nc3 Rd8 33.Re4 Bf8 34.g4 h6 35.Kf1 Bd6
36.Ke2 Kf8 37.Na4 Re8 38.Rxe8+ Kxe8 39.Ke3 Kd7 40.Ke4 Ke6 41.g5 h5 42.Nb6 Bc7
43.Nc4 Bd8 44.Ne3 Bxa5 45.f5+ gxf5+ 46.Nxf5 Bd8 47.Ng7+ Kd7 48.Nxh5 b5 49.Nf4
c4 50.Nd5 Ke6 51.h4 a5 52.h5 b4 53.h6 c3 54.bxc3 b3 55.Nf4+ Kd7 56.Nd3 a4
57.h7 a3 58.h8=Q a2 59.Qh1 {#r} 1-0

[Event "It (open) \"]
[Site "masterchessopen.com - Gibraltar (England)"]
[Date "2006.01.29"]
[Round "6"]
[White "Cmilyte Viktorija (LTU)"]
[Black "Quillan Gary (ENG)"]
[Result "0-1"]
[WhiteElo "2469"]
[BlackElo "2344"]

1.d4 e6 2.c4 Nf6 3.Nf3 c5 4.d5 exd5 5.cxd5 d6 6.Nc3 g6 7.e4 Bg7 8.Be2 O-O
9.O-O a6 10.a4 Bg4 11.Bf4 Bxf3 12.Bxf3 Qe7 13.Re1 Nbd7 14.Qd2 Rfe8 15.Be2 Rac8
16.b3 h5 17.Rac1 Nh7 18.h3 Bd4 19.Bc4 Qf6 20.Kh1 g5 21.Bh2 g4 22.Ne2 Ng5
23.Nxd4 cxd4 24.Qf4 Qg6 25.hxg4 hxg4 26.Qxg4 Nf6 27.Qf5 Qh6 28.f3 b5 29.axb5
axb5 30.Bxb5 Rxc1 31.Rxc1 Nxf3 32.Qf4 Qxf4 33.Bxf4 Rxe4 34.Bg3 Ne5 35.Bc6 Nfg4
36.b4 d3 37.b5 d2 38.Rd1 Rc4 39.b6 Nxc6 40.Bf4 Nf2+ 41.Kh2 Nxd1 {#R} 0-1

[Event "It (open) \"]
[Site "masterchessopen.com - Moscow (Russia)"]
[Date "2006.02.10"]
[Round "4"]
[White "Gromova Iulia (RUS)"]
[Black "Voicu Carmen (ROM)"]
[Result "1/2-1/2"]
[WhiteElo "2235"]
[BlackElo "2352"]

1.d4 Nf6 2.c4 c5 3.d5 e6 4.Nc3 exd5 5.cxd5 d6 6.e4 g6 7.Nf3 Bg7 8.Be2 O-O
9.O-O a6 10.a4 Bg4 11.Nd2 Bxe2 12.Qxe2 Nbd7 13.a5 Qe7 14.h3 h6 15.Rb1 Rae8
16.Nc4 Nxe4 17.Nxe4 Qxe4 18.Qxe4 Rxe4 19.Nxd6 Rd4 20.Be3 Rxd5 21.Rfd1 Rxd1+
22.Rxd1 Bxb2 23.Nxb7 Ne5 24.Nxc5 Nc4 25.Bxh6 Rc8 26.Nxa6 Bc3 27.Rd5 Bxa5
28.Rc5 Rxc5 29.Nxc5 Bb6 30.Nd3 f6 31.Bc1 Kf7 32.g4 Bd4 33.Kg2 g5 34.f4 gxf4
35.Bxf4 f5 36.g5 Ne3+ 37.Kf3 Nd5 38.Be5 Bb6 39.h4 Kg6 40.Nf4+ Nxf4 41.Kxf4 Bd8
42.Bd6 Ba5 43.h5+ Kxh5 44.Kxf5 Bd2 45.g6 Bc3 46.Bf4 Bg7 47.Bg5 Bf8 48.Kf6 Bb4
49.Kf7 Bf8 50.Be3 {#d} 1/2-1/2

[Event "It \"]
[Site "masterchessopen.com - Las Vegas (USA)"]
[Date "2006.06.17"]
[Round "3"]
[White "Murzin Lenar (RUS)"]
[Black "Tuhrim Richard (USA)"]
[Result "1-0"]
[WhiteElo "2205"]
[BlackElo "1941"]

1.d4 Nf6 2.c4 c5 3.d5 d6 4.Nc3 g6 5.e4 Bg7 6.Be2 O-O 7.Nf3 a6 8.a4 e6 9.O-O
exd5 10.cxd5 Bg4 11.Bf4 Bxf3 12.Bxf3 Qe7 13.Re1 Nfd7 14.a5 b5 15.axb6 Nxb6
16.e5 Nc4 17.exd6 Qf6 18.Qc1 Nxd6 19.Bg5 Qf5 20.Be7 Be5 21.Bxf8 Kxf8 22.Qh6+
Kg8 23.Ra4 Nd7 24.Bg4 Qc2 25.Bxd7 Bxc3 26.bxc3 Qxc3 27.Rc1 Qd3 28.Rh4 Qxd5
29.Qxh7+ Kf8 30.Re1 {#r} 1-0

[Event "It (open)"]
[Site "masterchessopen.com - Pardubice (Czech Republic)"]
[Date "2006.07.28"]
[Round "8"]
[White "Gajewski Grzegorz (POL)"]
[Black "Navara David (CZE)"]
[Result "1/2-1/2"]
[WhiteElo "2515"]
[BlackElo "2725"]

1.d4 Nf6 2.c4 e6 3.Nf3 c5 4.d5 exd5 5.cxd5 d6 6.Nc3 g6 7.e4 a6 8.a4 Bg4 9.Be2
Bg7 10.O-O O-O 11.Bf4 Bxf3 12.Bxf3 Qe7 13.e5 dxe5 14.d6 Qe6 15.Bg5 Nbd7
16.Bxb7 Ra7 17.Bc6 Rb8 18.Nd5 Bf8 19.Bxd7 Nxd7 20.Be7 Rxb2 21.Bxf8 Kxf8 22.Nc7
Qf5 23.Rb1 Rxb1 24.Qxb1 Qxb1 25.Rxb1 c4 26.g3 c3 27.Rc1 Nc5 28.Rxc3 Ne4 29.Rd3
Nxd6 30.Rxd6 Rxc7 31.Rxa6 {#d} 1/2-1/2

[Event "It (open)"]
[Site "masterchessopen.com - Vienna (Austria)"]
[Date "2006.07.29"]
[Round "1"]
[White "Zojer Thomas (AUT)"]
[Black "Kilgus Georg (AUT)"]
[Result "1-0"]
[WhiteElo "2153"]
[BlackElo "2331"]

1.d4 Nf6 2.Nf3 e6 3.c4 c5 4.d5 d6 5.Nc3 exd5 6.cxd5 g6 7.e4 a6 8.a4 Bg4 9.Be2
Bg7 10.O-O O-O 11.Re1 Nbd7 12.Nd2 Bxe2 13.Qxe2 Re8 14.Nc4 Nb6 15.Nxb6 Qxb6
16.Qc2 Ng4 17.Nd1 f5 18.f3 Nf6 19.Bd2 fxe4 20.fxe4 Re7 21.a5 Qc7 22.Nf2 Rae8
23.Bc3 Qc8 24.Rad1 Ng4 25.Bxg7 Kxg7 26.Nh3 Kg8 27.Ng5 Qf5 28.Ne6 Qe5 29.g3 Rf7
30.Qc3 Qh5 31.Rd2 Ne5 32.Rf1 Nf3+ 33.Kh1 Ree7 34.Rdf2 Nxh2 35.Qg7+ {#r} 1-0

[Event "Ch France (open) (seniors)"]
[Site "masterchessopen.com - Besancon (France)"]
[Date "2006.08.18"]
[Round "4"]
[White "Meinsohn Francis (FRA)"]
[Black "Birens Eric-Andre (FRA)"]
[Result "1-0"]
[WhiteElo "2251"]
[BlackElo "2007"]

1.d4 Nf6 2.c4 c5 3.d5 e6 4.Nc3 exd5 5.cxd5 d6 6.e4 g6 7.Nf3 a6 8.a4 Bg7 9.Be2
O-O 10.O-O Bg4 11.h3 Bxf3 12.Bxf3 Nbd7 13.Re1 Qc7 14.a5 Rfe8 15.Qc2 Rac8
16.Ra3 c4 17.Be3 Nc5 18.Bg4 Nxg4 19.hxg4 Nd3 20.Rea1 Qd7 21.f3 f5 22.gxf5 gxf5
23.Rb1 f4 24.Bb6 Qf7 25.Ne2 Ne5 26.Nd4 Qg6 27.Nf5 c3 28.Kf1 Nc4 29.Rxc3 Bxc3
30.bxc3 Na3 31.Qd3 Nxb1 32.Qxb1 Rxc3 33.Bd4 Qh5 34.Kg1 Rc7 35.Nxd6 Ree7 36.Nf5
Rf7 37.d6 Rc4 38.Bb2 Rxf5 39.exf5 Qf7 40.Qd3 Rc8 41.Qd4 Kf8 42.Qh8+ Qg8 43.d7
{#r} 1-0

[Event "It (open)"]
[Site "masterchessopen.com - Bratto (Italy)"]
[Date "2006.08.21"]
[Round "3"]
[White "Andreolini Mauro (ITA)"]
[Black "Piscopo Pierluigi (ITA)"]
[Result "0-1"]
[WhiteElo "2219"]
[BlackElo "2380"]

1.d4 c5 2.d5 Nf6 3.c4 e6 4.Nc3 exd5 5.cxd5 d6 6.e4 g6 7.Nf3 Bg7 8.Be2 O-O
9.O-O a6 10.a4 Bg4 11.Nd2 Bxe2 12.Qxe2 Nbd7 13.a5 Re8 14.f3 b5 15.axb6 Nxb6
16.Rxa6 Nfxd5 17.Nxd5 Nxd5 18.Rxa8 Qxa8 19.Qd3 Nf4 20.Qxd6 Ne2+ 21.Kf2 Be5
22.Qd7 Nxc1 23.Rxc1 Rd8 24.Qe7 Rxd2+ 25.Ke3 Bd6 26.Qf6 Rd4 27.e5 Qa5 {#R} 0-1

[Event "Ch Europe (juniors) (under 14) (g)"]
[Site "masterchessopen.com - Herceg Novi (Montenegro)"]
[Date "2006.09.16"]
[Round "6"]
[White "Hasanova Turkan (AZE)"]
[Black "Vombek Sara (SLO)"]
[Result "1-0"]
[WhiteElo "1934"]
[BlackElo "1856"]

1.d4 Nf6 2.c4 c5 3.d5 e6 4.Nc3 exd5 5.cxd5 d6 6.e4 g6 7.Nf3 Bg7 8.Be2 O-O
9.O-O a6 10.a4 Bg4 11.Nd2 Bxe2 12.Qxe2 Qe7 13.Nc4 Nbd7 14.Bg5 h6 15.Bh4 Rab8
16.a5 Ne5 17.Nd2 Qc7 18.f4 Ned7 19.Nc4 Rfe8 20.Rae1 b5 21.axb6 Nxb6 22.e5 Nxc4
23.Qxc4 Nd7 24.Qxa6 dxe5 25.d6 Qb6 26.Qa4 c4+ 27.Kh1 Nc5 28.Qxc4 Qxd6 29.fxe5
Qc7 30.Nd5 Qd7 31.Qxc5 Rb5 32.Ne7+ Rxe7 33.Qxe7 Qxe7 34.Bxe7 Bxe5 35.Rd1 Rb8
36.b4 Bc3 37.Bc5 Bxb4 38.Rb1 {#r} 1-0

[Event "It (cat.5)"]
[Site "masterchessopen.com - Kharkov (Ukraine)"]
[Date "2006.09.27"]
[Round "7"]
[White "Poluektov Yury (RUS)"]
[Black "Shalimov Valery (UKR)"]
[Result "0-1"]
[WhiteElo "2302"]
[BlackElo "2412"]

1.d4 Nf6 2.c4 e6 3.Nf3 c5 4.d5 exd5 5.cxd5 d6 6.Nc3 a6 7.a4 g6 8.e4 Bg4 9.Be2
Bg7 10.O-O O-O 11.Bf4 Qe7 12.h3 Bxf3 13.Bxf3 Nbd7 14.Re1 Rac8 15.Qb3 Rc7
16.Rad1 Ne5 17.Be2 Nfd7 18.Bh2 g5 19.Bc4 Rb8 20.Qa2 Nf8 21.Bf1 Nfg6 22.Ne2 b5
23.a5 Rf8 24.Ng3 Nh4 25.Nf5 Nxf5 26.exf5 c4 27.Qa3 Re8 28.Kh1 Qf6 29.Re3 Rce7
30.Rde1 h6 31.Re4 Bf8 32.f4 Nd7 33.fxg5 hxg5 34.Rxe7 Rxe7 35.Rd1 Nc5 36.Qf3
Re4 37.Bg1 Rf4 38.Qe3 Qxf5 39.Be2 Re4 40.Qd2 Nb3 41.Qc2 Bg7 42.Bf3 Rf4 43.Qe2
Rxf3 44.gxf3 Qxh3+ 45.Bh2 Be5 46.Qg2 Qxg2+ 47.Kxg2 Bxb2 48.Bxd6 c3 49.Bf4 gxf4
50.d6 c2 {#R} 0-1

[Event "Ch Czech Republic (1/2 final)"]
[Site "masterchessopen.com - Havlickuv Brod (Czech Republic)"]
[Date "2006.09.30"]
[Round "8"]
[White "Karasek Lukas (CZE)"]
[Black "Cvek Robert (CZE)"]
[Result "0-1"]
[WhiteElo "2142"]
[BlackElo "2512"]

1.d4 Nf6 2.c4 c5 3.d5 g6 4.Nc3 Bg7 5.e4 d6 6.Nf3 O-O 7.Be2 e6 8.O-O exd5
9.cxd5 a6 10.a4 Bg4 11.h3 Bxf3 12.Bxf3 Nbd7 13.Be3 Ne8 14.Qd2 Nc7 15.Be2 Re8
16.f3 Qe7 17.Rfe1 Rab8 18.a5 b5 19.axb6 Rxb6 20.Ra2 Reb8 21.Rb1 Rb3 22.Rba1
R3b4 23.Nd1 Nb6 24.Qc2 Nb5 25.Bxb5 axb5 26.Nc3 Na4 27.Nxa4 bxa4 28.Rxa4 Rxb2
29.Ra8 Qe8 30.Qa4 Rxa8 {#R} 0-1